Culture Générale - Série 750 - Statistiques

Statistiques générales
  • Ce quiz a été pris 324 fois
  • Le résultat moyen est 6 sur 10
Statistiques - réponses
Question Réponse % Correct
Quelle fleur est associée au 1er mai ? muguet
94%
Selon l'expression, quand on doit présenter les garanties nécessaires pour être admis quelque part, il faut montrer patte... blanche
91%
Dans quel pays d'Amérique centrale se situe l'État du Chiapas ? Mexique
83%
Quel quartier branché de Paris doit son nom aux terres maraîchères qui s'y trouvaient au Moyen-âge ? Le Marais
71%
Comment appelle-t-on un ragoût de viandes blanches cuites dans un fond blanc ? blanquette
57%
Dans le film "Deux heures moins le quart avant Jésus Christ", qui incarne le garagiste Ben-Hur Marcel ? Coluche
54%
Quel acteur incarne le serviteur de Jean Marais dans “Le Bossu”, en 1959 ? Bourvil
32%
Comment s'appelait le berger allemand mascotte de l'émission 30 Millions d'Amis ? Mabrouk
32%
En 1904, lors d'un voyage aux États-Unis, Sigmund Freud prononce "Cinq leçons sur la... psychanalyse
31%
Dans quel pays se trouve la ville de Bénarès ? Inde
27%
Aucun quiz correspondant
Distribution des résultats
% des personnes avec chaque résultat
Percentile par nombre de réponses
Votre historique - résultats
Vous n’avez pas pris ce quiz